000 00542nam a2200229Ia 4500
003 OSt
005 20220928140503.0
006 a|||||r|||| 00| 0
007 ta
008 220927b |||||||| |||| 00| 0 eng d
024 _a8757
037 _cTextual
040 _aSDCL
_cSDCL
_beng
041 _2eng
_aeng
082 _aB28:f, K6
100 _aOstle Bernard
_9495418
245 0 _aStatistics in research .
250 _a2
260 _c1966
942 _hB28:f, K6
_cTEXL
_2CC
999 _c811612
_d811612